[Event "AUT-chT 2223"]
[Site "Austria"]
[Date "2023.03.23"]
[Round "5.2"]
[White "Krassowizkij, Jaroslaw"]
[Black "Sadilek, Maximilian"]
[Result "1-0"]
[WhiteElo "2436"]
[BlackElo "2246"]
[PlyCount "117"]
[EventDate "2022.11.03"]
[EventType "team-tourn"]
[EventRounds "11"]
[EventCountry "AUT"]
[SourceTitle "CBM 213 Extra"]
[Source "ChessBase"]
[SourceDate "2023.05.31"]
[SourceVersion "1"]
[SourceVersionDate "2023.05.31"]
[SourceQuality "1"]
[WhiteTeam "Goetzis"]
[BlackTeam "Tschaturanga"]
[WhiteTeamCountry "AUT"]
[BlackTeamCountry "AUT"]

1. e4 c5 2. Nf3 Nc6 3. Bb5 Nf6 4. Bxc6 dxc6 5. d3 g6 6. h3 Bg7 7. Nc3 0-0 8. Be3 b6 9. Qd2 Re8 10. Bh6 e5 11. 0-0-0 Qd6 12. Ne2 a5 13. Ng3 a4 14. Bxg7 Kxg7 15. h4 a3 16. b3 h5 17. Rdf1 b5 18. Ng5 c4 19. dxc4 Qxd2+ 20. Kxd2 bxc4 21. Kc3 cxb3 22. cxb3 Ba6 23. Rd1 Rad8 24. Kb4 Ra8 25. Rd2 Bb5 26. Rhd1 Reb8 27. Kc3 c5 28. Nf1 Bxf1 29. Rxf1 Rb4 30. f3 Rd4 31. Rxd4 cxd4+ 32. Kb4 Rc8 33. Kxa3 Rc2 34. g3 Nd7 35. f4 f6 36. Nf3 d3 37. fxe5 fxe5 38. Rd1 Nc5 39. Nd2 Kf6 40. Kb4 Na6+ 41. Kb5 Rxa2 42. Nc4 Nc7+ 43. Kb6 Ne6 44. Rxd3 Nd4 45. Kc5 Ra8 46. Nb6 Ra5+ 47. Kc4 Ke6 48. Na4 Kd6 49. Rd2 Ra8 50. Nc5 Ra1 51. Nd3 Rg1 52. Ra2 Rxg3 53. Ra6+ Kc7 54. b4 Nf3 55. Nc5 g5 56. b5 gxh4 57. b6+ Kb8 58. b7 Nd2+ 59. Kd5 1-0

[Event "AUT-chT 2223"]
[Site "Austria"]
[Date "2022.11.05"]
[Round "3.3"]
[White "Sadilek, Maximilian"]
[Black "Sebenik, Matej"]
[Result "0-1"]
[WhiteElo "2246"]
[BlackElo "2524"]
[PlyCount "64"]
[EventDate "2022.11.03"]
[EventType "team-tourn"]
[EventRounds "11"]
[EventCountry "AUT"]
[SourceTitle "EXT 2024"]
[Source "ChessBase"]
[SourceDate "2023.10.10"]
[SourceVersion "1"]
[SourceVersionDate "2023.10.10"]
[SourceQuality "1"]
[WhiteTeam "Tschaturanga"]
[BlackTeam "Raika Feffernitz"]
[WhiteTeamCountry "AUT"]
[BlackTeamCountry "AUT"]

1. e4 c5 2. Nf3 Nc6 3. Nc3 e5 4. Bc4 Be7 5. d3 d6 6. 0-0 Nf6 7. Ng5 0-0 8. f4 a6 9. f5 b5 10. Bb3 Nd4 11. Bxf7+ Rxf7 12. Nxf7 Kxf7 13. g4 h6 14. h4 b4 15. g5 bxc3 16. gxf6 Bxf6 17. bxc3 Nc6 18. Kh2 Rb8 19. Rg1 Ke7 20. Qh5 Qe8 21. Rg6 Kd8 22. Bxh6 gxh6 23. Qxh6 Be7 24. Rag1 Kc7 25. f6 Bf8 26. Qh7+ Bd7 27. f7 Qe7 28. R1g2 Nd8 29. Rf2 Ne6 30. Rg8 Nf4 31. d4 Qe6 32. dxe5 Qh3+ 0-1

[Event "AUT-ch"]
[Site "Vienna"]
[Date "2022.08.15"]
[Round "4"]
[White "Sadilek, Maximilian"]
[Black "Ernst, Robert"]
[Result "1-0"]
[WhiteElo "2230"]
[BlackElo "2097"]
[PlyCount "65"]
[EventDate "2022.08.12"]
[EventType "swiss"]
[EventRounds "9"]
[EventCountry "AUT"]
[SourceTitle "CBM 209 Extra"]
[Source "ChessBase"]
[SourceDate "2022.09.30"]
[SourceVersion "1"]
[SourceVersionDate "2022.09.30"]
[SourceQuality "1"]

1. Nf3 c5 2. g3 Nc6 3. Bg2 Nf6 4. 0-0 e6 5. b3 Be7 6. Bb2 d5 7. d4 0-0 8. Nbd2 Qc7 9. e3 cxd4 10. exd4 Nb4 11. c4 dxc4 12. bxc4 Rd8 13. Qe2 b6 14. a3 Nc6 15. Rac1 Bb7 16. Rfd1 Rac8 17. Nf1 Na5 18. Ne3 Ba6 19. Ne5 Nd7 20. Nxd7 Rxd7 21. d5 e5 22. Bh3 f6 23. Be6+ Kh8 24. Qg4 Rdd8 25. Nf5 Bf8 26. Nh6 g6 27. Nf7+ Kg7 28. Nxd8 Rxd8 29. f4 Bc5+ 30. Kg2 Nxc4 31. Rxc4 Bxc4 32. fxe5 fxe5 33. Qxc4 1-0

[Event "AUT-ch"]
[Site "Vienna"]
[Date "2022.08.12"]
[Round "1"]
[White "Sadilek, Maximilian"]
[Black "Kordzadze, Nino"]
[Result "1-0"]
[WhiteElo "2230"]
[BlackElo "1993"]
[PlyCount "113"]
[EventDate "2022.08.12"]
[EventType "swiss"]
[EventRounds "9"]
[EventCountry "AUT"]
[SourceTitle "CBM 209 Extra"]
[Source "ChessBase"]
[SourceDate "2022.09.30"]
[SourceVersion "1"]
[SourceVersionDate "2022.09.30"]
[SourceQuality "1"]

1. Nc3 d5 2. d4 Nf6 3. Bg5 Bf5 4. f3 Nc6 5. e4 dxe4 6. d5 Ne5 7. Qd4 Nfd7 8. fxe4 Bg4 9. h3 Bh5 10. g4 Bg6 11. Be2 c6 12. 0-0-0 Qb6 13. Qd2 0-0-0 14. Nf3 Nxf3 15. Bxf3 Ne5 16. Be2 f6 17. Be3 Qa5 18. Qd4 Kb8 19. Bf4 e6 20. Bxe5+ fxe5 21. Qxe5+ Bd6 22. Qxg7 exd5 23. exd5 Rhe8 24. dxc6 bxc6 25. Qf6 Qc5 26. Rhe1 Kc7 27. Qd4 Qa5 28. Qc4 Rf8 29. Rf1 Qc5 30. Qxc5 Bxc5 31. Bd3 Bxd3 32. cxd3 Rxf1 33. Rxf1 Rxd3 34. Rf7+ Rd7 35. Rf5 Be3+ 36. Kc2 h6 37. Rf3 Bg1 38. Ne2 Bb6 39. Ng3 Re7 40. Nf5 Re6 41. Kd3 c5 42. Rf4 Kc6 43. Re4 Rf6 44. Kc4 Bd8 45. Re8 Bc7 46. Rh8 Bf4 47. Ne7+ Kd6 48. Nf5+ Kc6 49. Rc8+ Kb7 50. Rxc5 Re6 51. Nd4 Re4 52. Rd5 Bg5 53. a4 Re3 54. Rb5+ Kc7 55. Rb3 Re1 56. Rf3 Re7 57. b4 1-0

[Event "Vienna-ch"]
[Site "Vienna"]
[Date "2018.09.16"]
[Round "9"]
[White "Sadilek, Maximilian"]
[Black "Kilgus, Georg"]
[Result "1/2-1/2"]
[WhiteElo "2216"]
[BlackElo "2415"]
[PlyCount "32"]
[EventDate "2018.09.08"]
[EventType "tourn"]
[EventRounds "9"]
[EventCountry "AUT"]
[SourceTitle "CBM 186 Extra"]
[Source "ChessBase"]
[SourceDate "2018.08.24"]
[SourceVersion "1"]
[SourceVersionDate "2018.08.24"]
[SourceQuality "1"]

1. d4 Nf6 2. Nc3 d5 3. Bf4 e6 4. Nb5 Na6 5. e3 Be7 6. Bd3 0-0 7. Nf3 c5 8. c3 c4 9. Bc2 Qb6 10. a4 Bd7 11. Ne5 Bxb5 12. axb5 Qxb5 13. Qb1 Nb8 14. g4 Bd6 15. f3 Bxe5 16. Bxe5 Nc6 1/2-1/2

[Event "Vienna-ch"]
[Site "Vienna"]
[Date "2018.09.12"]
[Round "5"]
[White "Halvax, Georg"]
[Black "Sadilek, Maximilian"]
[Result "1/2-1/2"]
[WhiteElo "2436"]
[BlackElo "2216"]
[PlyCount "26"]
[EventDate "2018.09.08"]
[EventType "tourn"]
[EventRounds "9"]
[EventCountry "AUT"]
[SourceTitle "CBM 186 Extra"]
[Source "ChessBase"]
[SourceDate "2018.08.24"]
[SourceVersion "1"]
[SourceVersionDate "2018.08.24"]
[SourceQuality "1"]

1. d4 e6 2. Nf3 f5 3. g3 Nf6 4. Bg2 Be7 5. 0-0 d5 6. c4 Nc6 7. Nc3 0-0 8. Bf4 dxc4 9. Qa4 Nd5 10. Qxc4 Nxf4 11. gxf4 Bd6 12. Ne5 Qh4 13. e3 Nxe5 1/2-1/2

[Event "AUT-ch"]
[Site "Vienna"]
[Date "2018.07.29"]
[Round "9"]
[White "Schloffer, Jasmin Denise"]
[Black "Sadilek, Maximilian"]
[Result "1/2-1/2"]
[WhiteElo "2102"]
[BlackElo "2224"]
[PlyCount "120"]
[EventDate "2018.07.22"]
[EventType "swiss"]
[EventRounds "9"]
[EventCountry "AUT"]
[SourceTitle "CBM 185 Extra"]
[Source "ChessBase"]
[SourceDate "2018.07.29"]
[SourceVersion "1"]
[SourceVersionDate "2018.07.29"]
[SourceQuality "1"]

1. d4 g6 2. c4 Bg7 3. Nc3 c5 4. d5 d6 5. e4 a6 6. Nf3 e6 7. Bd3 Ne7 8. 0-0 0-0 9. a4 h6 10. dxe6 Bxe6 11. Nd5 Nxd5 12. exd5 Bg4 13. h3 Bxf3 14. Qxf3 Nd7 15. Rb1 Ne5 16. Qe2 Re8 17. Qc2 Rc8 18. b3 Qh4 19. Bb2 Rc7 20. f4 Nxd3 21. Qxd3 Rce7 22. Bxg7 Re3 23. Qd1 Kxg7 24. Qg4 Qxg4 25. hxg4 a5 26. Rf3 Re2 27. Rbf1 R8e4 28. R1f2 Rxf2 29. Kxf2 Kf6 30. g3 h5 31. gxh5 gxh5 32. Rd3 Kf5 33. Rd1 h4 34. gxh4 Rxf4+ 35. Kg3 Rg4+ 36. Kh3 Rf4 37. Kg3 b6 38. Re1 Rg4+ 39. Kh3 Rd4 40. Rf1+ Rf4 41. Rb1 Rf3+ 42. Kg2 Kg4 43. h5 Rg3+ 44. Kf2 Rh3 45. Rg1+ Kxh5 46. Rg7 Rxb3 47. Rxf7 Rb4 48. Rb7 Rxa4 49. Rxb6 Rxc4 50. Rxd6 Rd4 51. Ra6 Rxd5 52. Rxa5 Re5 53. Kf3 Kg5 54. Ra8 Kf6 55. Kf4 Rh5 56. Ra6+ Ke7 57. Ke4 Kd7 58. Kd3 Rh4 59. Kc3 Kc7 60. Rg6 c4 1/2-1/2

[Event "AUT-ch"]
[Site "Vienna"]
[Date "2018.07.27"]
[Round "7"]
[White "Sandhoefner, Florian"]
[Black "Sadilek, Maximilian"]
[Result "1-0"]
[WhiteElo "2327"]
[BlackElo "2224"]
[PlyCount "79"]
[EventDate "2018.07.22"]
[EventType "swiss"]
[EventRounds "9"]
[EventCountry "AUT"]
[SourceTitle "CBM 185 Extra"]
[Source "ChessBase"]
[SourceDate "2018.07.29"]
[SourceVersion "1"]
[SourceVersionDate "2018.07.29"]
[SourceQuality "1"]

1. d4 e6 2. c4 Bb4+ 3. Bd2 Bxd2+ 4. Qxd2 Nf6 5. Nc3 d5 6. e3 0-0 7. Nf3 Nbd7 8. Rc1 c6 9. Bd3 Qe7 10. cxd5 exd5 11. Qc2 Re8 12. 0-0 Ne4 13. b4 a6 14. a4 Ndf6 15. b5 cxb5 16. axb5 Bd7 17. bxa6 bxa6 18. Qa2 Bb5 19. Ne5 Bxd3 20. Nxd3 Qd6 21. Nxe4 Nxe4 22. Nc5 Rac8 23. Qxa6 Rc6 24. Nxe4 Rxa6 25. Nxd6 Rxd6 26. Rc5 f5 27. Rc7 Red8 28. Rb1 R8d7 29. Rbb7 Rxc7 30. Rxc7 h5 31. g3 Kh7 32. Kg2 Kg6 33. Kf3 Kf6 34. h4 g5 35. hxg5+ Kxg5 36. Rc8 Kf6 37. Kf4 Re6 38. Rd8 Re4+ 39. Kf3 Ke6 40. Rh8 1-0

[Event "AUT-ch"]
[Site "Vienna"]
[Date "2018.07.25"]
[Round "5"]
[White "Schnider, Gert"]
[Black "Sadilek, Maximilian"]
[Result "1-0"]
[WhiteElo "2422"]
[BlackElo "2224"]
[PlyCount "63"]
[EventDate "2018.07.22"]
[EventType "swiss"]
[EventRounds "9"]
[EventCountry "AUT"]
[SourceTitle "CBM 185 Extra"]
[Source "ChessBase"]
[SourceDate "2018.07.29"]
[SourceVersion "1"]
[SourceVersionDate "2018.07.29"]
[SourceQuality "1"]

1. e4 c5 2. Nf3 Nc6 3. d4 cxd4 4. Nxd4 Nf6 5. Nc3 e5 6. Ndb5 d6 7. Bg5 a6 8. Na3 b5 9. Bxf6 gxf6 10. Nd5 Bg7 11. Bd3 Ne7 12. Nxe7 Qxe7 13. 0-0 f5 14. c4 Bb7 15. Qf3 bxc4 16. Nxc4 f4 17. Rad1 0-0 18. Rd2 Rad8 19. Rfd1 Kh8 20. Bc2 d5 21. exd5 f5 22. Na5 Rd6 23. Qa3 Rfd8 24. Nc4 e4 25. f3 exf3 26. Nxd6 Rxd6 27. Qxf3 Bxb2 28. Bxf5 Qe5 29. Qh5 h6 30. Qf7 Qe3+ 31. Kf1 Bg7 32. Re2 1-0

[Event "AUT-chT2O 1718"]
[Site "Austria"]
[Date "2017.11.18"]
[Round "3.4"]
[White "Plachetka, Jan"]
[Black "Sadilek, Maximilian"]
[Result "0-1"]
[WhiteElo "2337"]
[BlackElo "2251"]
[PlyCount "34"]
[EventDate "2017.10.21"]
[EventType "team-tourn"]
[EventRounds "11"]
[EventCountry "AUT"]
[SourceTitle "CBM 181 Extra"]
[Source "ChessBase"]
[SourceDate "2017.12.12"]
[SourceVersion "1"]
[SourceVersionDate "2017.12.12"]
[SourceQuality "1"]
[WhiteTeam "Bad Voeslau"]
[BlackTeam "Tschaturanga"]
[WhiteTeamCountry "AUT"]
[BlackTeamCountry "AUT"]

1. c4 e5 2. Nf3 e4 3. Nd4 Nf6 4. Nc3 Nc6 5. Nxc6 dxc6 6. Qc2 Bf5 7. f3 Bc5 8. g4 Bg6 9. g5 exf3 10. d3 Ne4 11. Nxe4 Bxe4 12. e3 f2+ 13. Qxf2 Bxh1 14. Bd2 Qxg5 15. 0-0-0 0-0 16. h4 Qg4 17. b4 Bf3 0-1

[Event "Vienna State-ch"]
[Site "Vienna"]
[Date "2017.09.16"]
[Round "8"]
[White "Sadilek, Maximilian"]
[Black "Alvir, Aco"]
[Result "1/2-1/2"]
[WhiteElo "2194"]
[BlackElo "2362"]
[PlyCount "98"]
[EventDate "2017.09.09"]
[EventType "tourn"]
[EventRounds "9"]
[EventCountry "AUT"]
[EventCategory "4"]
[SourceTitle "CBM 180 Extra"]
[Source "ChessBase"]
[SourceDate "2017.10.06"]
[SourceVersion "1"]
[SourceVersionDate "2017.10.06"]
[SourceQuality "1"]

1. d4 g6 2. e4 c6 3. Nf3 d5 4. Nbd2 Bg7 5. Bd3 dxe4 6. Nxe4 Nh6 7. c3 Nf5 8. Qe2 0-0 9. h4 Nd7 10. h5 Nf6 11. hxg6 hxg6 12. Nfg5 Nd6 13. Bf4 Ndxe4 14. Nxe4 Nxe4 15. Bxe4 Qa5 16. 0-0-0 Bf5 17. Bxf5 Qxf5 18. Qe3 Rfe8 19. Be5 f6 20. Bg3 Rad8 21. f3 a5 22. Bc7 Rd7 23. g4 Qd5 24. Bf4 e6 25. Bh6 b5 26. Qd3 f5 27. Kb1 a4 28. a3 Bxh6 29. Rxh6 Rg7 30. Rdh1 Kf7 31. Qe3 Qd6 32. Rh7 Reg8 33. Rxg7+ Rxg7 34. Rh8 Rg8 35. Rxg8 Kxg8 36. Qh6 Kf7 37. g5 Qf8 38. Qh7+ Qg7 39. Qh2 e5 40. dxe5 Ke6 41. f4 Qd7 42. Kc2 Qd5 43. Qd2 Qe4+ 44. Qd3 Qg2+ 45. Kb1 Qg1+ 46. Ka2 Qc5 47. Qd1 Ke7 48. Ka1 Ke8 49. Qd4 Qc4 1/2-1/2

[Event "Vienna State-ch"]
[Site "Vienna"]
[Date "2017.09.14"]
[Round "6"]
[White "Sadilek, Maximilian"]
[Black "Stanec, Nikolaus"]
[Result "0-1"]
[WhiteElo "2194"]
[BlackElo "2468"]
[PlyCount "72"]
[EventDate "2017.09.09"]
[EventType "tourn"]
[EventRounds "9"]
[EventCountry "AUT"]
[EventCategory "4"]
[SourceTitle "CBM 180 Extra"]
[Source "ChessBase"]
[SourceDate "2017.10.06"]
[SourceVersion "1"]
[SourceVersionDate "2017.10.06"]
[SourceQuality "1"]

1. e4 c6 2. d4 g6 3. Nc3 d5 4. Be3 dxe4 5. Nxe4 Nh6 6. Bc4 Bg7 7. Nf3 Nf5 8. Qd2 0-0 9. 0-0-0 Nd7 10. h4 h5 11. g4 Nxe3 12. fxe3 Nb6 13. Bb3 Bxg4 14. Rdf1 Nd5 15. Neg5 e6 16. Nh2 Bh6 17. Nxg4 hxg4 18. e4 Nf6 19. Rf4 Nh5 20. Rxg4 c5 21. d5 b5 22. c4 exd5 23. exd5 bxc4 24. Bxc4 Rb8 25. Rf1 Qd6 26. Kb1 Bg7 27. b3 Rbd8 28. a4 Qe5 29. Ka2 Nf6 30. Nf3 Qd6 31. Rg5 Ne4 32. Qc2 Nc3+ 33. Kb2 Nxd5+ 34. Ka2 Ne3 35. Qxg6 Qxg6 36. Rxg6 Nxf1 0-1

[Event "Vienna State-ch"]
[Site "Vienna"]
[Date "2017.09.12"]
[Round "4"]
[White "Sadilek, Maximilian"]
[Black "Halvax, Georg"]
[Result "1/2-1/2"]
[WhiteElo "2194"]
[BlackElo "2419"]
[PlyCount "88"]
[EventDate "2017.09.09"]
[EventType "tourn"]
[EventRounds "9"]
[EventCountry "AUT"]
[EventCategory "4"]
[SourceTitle "CBM 180 Extra"]
[Source "ChessBase"]
[SourceDate "2017.10.06"]
[SourceVersion "1"]
[SourceVersionDate "2017.10.06"]
[SourceQuality "1"]

1. e4 c5 2. Nc3 Nc6 3. Bb5 g6 4. Bxc6 dxc6 5. d3 Bg7 6. Be3 b6 7. Qd2 e5 8. h3 Qe7 9. Nge2 h6 10. f4 exf4 11. Bxf4 Nf6 12. 0-0-0 Be6 13. d4 0-0-0 14. Qe3 cxd4 15. Nxd4 Kb7 16. Rd2 Nh5 17. Bh2 Bf6 18. Nf3 Rxd2 19. Qxd2 Bg5 20. Nxg5 Qxg5 21. Qxg5 hxg5 22. Rf1 f5 23. exf5 gxf5 24. g4 fxg4 25. hxg4 Bxg4 26. Rg1 Bf3 27. Rxg5 Rf8 28. Be5 Rf7 29. Kd2 Nf4 30. Rg7 Rxg7 31. Bxg7 Ne6 32. Be5 c5 33. Ke3 Bh5 34. Ne4 Kc6 35. c4 a6 36. b3 b5 37. cxb5+ axb5 38. Nd2 Kd5 39. Bf6 Bg6 40. Nf3 b4 41. Bb2 Bb1 42. a3 Bc2 43. axb4 cxb4 44. Nd4 Nxd4 1/2-1/2